Menu wanita kerjaya (Record no. 140402)

MARC details
000 -LEADER
fixed length control field 00679nam a2200229 i 4500
001 - CONTROL NUMBER
control field C2-0343539
003 - CONTROL NUMBER IDENTIFIER
control field PPAK
005 - DATE AND TIME OF LATEST TRANSACTION
control field 20180728144717.0
008 - FIXED-LENGTH DATA ELEMENTS--GENERAL INFORMATION
fixed length control field 171022s2017 my a|||| ||||| | may d
020 ## - INTERNATIONAL STANDARD BOOK NUMBER
International Standard Book Number 9789676127808
040 ## - CATALOGING SOURCE
Original cataloging agency PPAK
Language of cataloging eng
Transcribing agency PPAK
Description conventions rda
082 04 - DEWEY DECIMAL CLASSIFICATION NUMBER
Classification number 641.555
Edition number 23
090 00 - LOCALLY ASSIGNED LC-TYPE CALL NUMBER (OCLC); LOCAL CALL NUMBER (RLIN)
Classification number (OCLC) (R) ; Classification number, CALL (RLIN) (NR) 641.555
Feature heading MEN
Feature heading G
245 00 - TITLE STATEMENT
Title Menu wanita kerjaya
264 #1 - PRODUCTION, PUBLICATION, DISTRIBUTION, MANUFACTURE, AND COPYRIGHT NOTICE
Place of production, publication, distribution, manufacture Kuala Lumpur :
Name of producer, publisher, distributor, manufacturer Utusan Publications & Distributors Sdn Bhd ,
Date of production, publication, distribution, manufacture, or copyright notice 2017
300 ## - PHYSICAL DESCRIPTION
Extent iv, 44 pages :
Other physical details colour photographs ;
Dimensions 26 cm
336 ## - CONTENT TYPE
Source rdacontent
Content type term text
337 ## - MEDIA TYPE
Source rdamedia
Media type term unmediated
338 ## - CARRIER TYPE
Source rdacarrier
Carrier type term volume
650 10 - SUBJECT ADDED ENTRY--TOPICAL TERM
Topical term or geographic name entry element Quick and easy cooking. ; Cooking. ; Cookbook.
942 ## - ADDED ENTRY ELEMENTS (KOHA)
-- dc
Koha item type Book
Holdings
Withdrawn Not for loan Current library Shelving location Date acquired Total Checkouts Full call number Barcode Date last seen Koha item type Date last checked out Total Renewals
    Perpustakaan Alor Setar Pinjaman Dewasa 29/10/2017 1 641.555 MEN A01545943 25/02/2024 Book 22/02/2024  
    Perpustakaan Awam Sungai Petani Pinjaman Dewasa 29/10/2017 1 641.555 MEN A01545944 09/03/2019 Book 23/02/2019  
    Perpustakaan Baling Pinjaman Dewasa 29/10/2017 1 641.555 MEN A01545948 11/03/2019 Book 03/03/2019  
    Perpustakaan Bandar Baharu Pinjaman Dewasa 29/10/2017   641.555 MEN A01545949 09/05/2018 Book    
    Perpustakaan Jitra Pinjaman Dewasa 29/10/2017   641.555 MEN A01545945 09/05/2018 Book    
    Perpustakaan Kuala Nerang Pinjaman Dewasa 29/10/2017   641.555 MEN A01545953 09/05/2018 Book    
    Perpustakaan Kulim Pinjaman Dewasa 29/10/2017 1 641.555 MEN A01545947 16/03/2019 Book 02/03/2019 1
    Perpustakaan Langkawi Pinjaman Dewasa 29/10/2017 1 641.555 MEN A01545946 14/01/2024 Book 26/12/2023  
    Perpustakaan Merbok Pinjaman Dewasa 29/10/2017   641.555 MEN A01545950 09/05/2018 Book    
    Perpustakaan Pendang Pinjaman Dewasa 29/10/2017   641.555 MEN A01545954 09/05/2018 Book    
    Perpustakaan Sik Pinjaman Dewasa 29/10/2017   641.555 MEN A01545952 09/05/2018 Book    
    Perpustakaan Yan Pinjaman Dewasa 29/10/2017   641.555 MEN A01545951 09/05/2018 Book    
    Bergerak 3, Baling Pinjaman Dewasa 29/10/2017   641.555 MEN A01545956 09/05/2018 Book    
    Bergerak 4, Sungai Petani Pinjaman Dewasa 29/10/2017   641.555 MEN A01545957 09/05/2018 Book    
    Bergerak 5, Kulim Pinjaman Dewasa 29/10/2017   641.555 MEN A01545958 09/05/2018 Book    
    PD01, Kg. Bendang Raja, Kuala Nerang Pinjaman Dewasa 29/10/2017   641.555 MEN A01545959 09/05/2018 Book    
    PD03, Kg. Pulau Pisang, Jitra Pinjaman Dewasa 29/10/2017   641.555 MEN A01545961 09/05/2018 Book    
    PD04, Kg. Bukit Nambua, Kuala Nerang Pinjaman Dewasa 29/10/2017   641.555 MEN A01545962 09/05/2018 Book    
    PD05, Kg. Lindungan Raja, Kulim Pinjaman Dewasa 29/10/2017   641.555 MEN A01545963 09/05/2018 Book    
    PD06, Kg. Kepala Bukit, Pendang Pinjaman Dewasa 29/10/2017   641.555 MEN A01545964 09/05/2018 Book    
    PD07, Kg. Jelutong, Sik Pinjaman Dewasa 29/10/2017   641.555 MEN A01545965 09/05/2018 Book    
    PD08, Felda Gunung Bongsu, Kulim Pinjaman Dewasa 29/10/2017   641.555 MEN A01545966 09/05/2018 Book    
    PD11, Felda Teloi Kanan, Kuala Ketil Pinjaman Dewasa 29/10/2017   641.555 MEN A01545967 09/05/2018 Book    
    PD12, Kg. Padang, Baling Pinjaman Dewasa 29/10/2017   641.555 MEN A01545968 09/05/2018 Book    
    PD15, Kg. Naga, Kepala Batas Pinjaman Dewasa 29/10/2017   641.555 MEN A01545971 09/05/2018 Book    
    PD16, Kg. Jelai, Pendang Pinjaman Dewasa 29/10/2017   641.555 MEN A01545972 09/05/2018 Book